| 000 | 00378nam a2200121Ia 4500 | ||
|---|---|---|---|
| 008 | 220615s9999||||xx |||||||||||||| ||und|| | ||
| 100 | _aHassan Salah Abduljabbar | ||
| 245 | 0 | _aObstetrics | |
| 546 | _aEnglish[eng] | ||
| 650 | _aMedicine||Maternal-Fetal Medicine||Health Sciences||Obstetrics and Gynecology | ||
| 856 | _uhttps://www.intechopen.com/books/obstetrics | ||
| 942 | _cEB | ||
| 999 |
_c14961 _d14961 |
||